00233nam a2200097Ia 4500008004100000041000800041082001600049100001600065245004500081260000900126240625s9999 xx 000 0 und d aeng a650.072 SEK aSEKARAN UMA aRESEARCH METHODS FOR BUSINESS A SKILL BU c2010